Ładuje się......

Population education: guide to curriculum and teacher education /

Opis bibliograficzny
1. autor: Gopal Rao, D.
Format: Printed Book
Język:English
Wydane: New Delhi : Sterling Publishers, 1974.
LEADER 00471nam a2200121Ia 4500
008 150624b xxu||||| |||| 00| 0 eng d
082 |a 304.607 
100 |a Gopal Rao, D. 
245 |a Population education:  |b guide to curriculum and teacher education /  |c D. Gopal Rao 
260 |a New Delhi :  |b Sterling Publishers,  |c 1974. 
942 |c BK 
999 |c 9227  |d 9227 
952 |0 0  |1 0  |4 0  |6 304_607000000000000_GOP_P  |7 0  |9 9226  |a UL  |b UL  |c ST2  |d 1998-08-28  |l 0  |o 304.607 GOP/P  |p 14340  |r 2012-10-27  |w 2012-10-27  |y BK